000 00345nam a2200145Ia 4500
008 191201s2005 xx 000 0 und d
082 _a604.2
_bLUF
100 _aLUZADDER, Warren J
245 0 _aFundamentals of Engineering Drawing
250 _a11th
260 _aN.Delhi
_bPHI
_c2005
300 _a692
650 _aB.Tech(ME)
942 _2ddc
_cBK
999 _c822
_d822